| 000 | 00536nam a2200205Ia 4500 | ||
|---|---|---|---|
| 003 | OSt | ||
| 005 | 20230429103432.0 | ||
| 008 | 210423s2014 xx 000 0 und d | ||
| 020 | _a978-9-3840-5298-0 | ||
| 040 | _cAL | ||
| 041 | _aeng | ||
| 082 |
_a153.733 _223 _bGOLF |
||
| 100 |
_aGOLEMAN (Daniel) _995023 |
||
| 245 | _aFocus: hidden driver of excellence | ||
| 260 |
_aNew Delhi _bBloomsbury Publishing _c2014 |
||
| 300 |
_a311 _bPB |
||
| 365 |
_b499 _cINR |
||
| 906 | _adriver ; excellence ; Focus: ; hidden | ||
| 942 |
_2ddc _cBK |
||
| 999 |
_c170440 _d170440 |
||